书目信息 |
| 题名: |
近代中国文学史观的发生与日本影响
|
|
| 作者: | 李群 著 | |
| 分册: | ||
| 出版信息: | 长沙 湖南大学出版社 2016 |
|
| 页数: | 414页 | |
| 开本: | 21cm | |
| 丛书名: | 兰芷学人文库 | |
| 单 册: | ||
| 中图分类: | I209.5 | |
| 科图分类: | ||
| 主题词: | 中国文学--zhong guo wen xue--近代文学--文学史--研究 | |
| 电子资源: | ||
| ISBN: | 978-7-5667-0859-5 | |
| 000 | 01027nam0 22002651 450 | |
| 001 | 0127144124 | |
| 005 | 20170427144124.0 | |
| 010 | @a978-7-5667-0859-5@dCNY40.00 | |
| 100 | @a20160726d2016 kemy0chiy50 ea | |
| 101 | 0 | @achi |
| 102 | @aCN@b430000 | |
| 105 | @ay v 000yy | |
| 106 | @ar | |
| 200 | 1 | @a近代中国文学史观的发生与日本影响@Ajin dai zhong guo wen xue shi guan de fa sheng yu ri ben ying xiang@f李群著 |
| 210 | @a长沙@c湖南大学出版社@d2016 | |
| 215 | @a414页@d21cm | |
| 225 | 2 | @a兰芷学人文库@Alan zhi xue ren wen ku |
| 300 | @a湖南大学出版社图书出版基金资助项目 教育部人文社会科学基金资助项目 | |
| 330 | @a本书共四章,内容包括:近代中国文学史的诞生及其背景与日本影响、近代中国“文学史”的研究方法及其形成与日本影响等,介绍了作者对近代中国文学史与日本影响的研究。 | |
| 461 | 0 | @12001 @a兰芷学人文库 |
| 606 | 0 | @a中国文学@Azhong guo wen xue@x近代文学@x文学史@x研究 |
| 690 | @aI209.5@v5 | |
| 701 | 0 | @a李群@Ali qun@f(1978~)@4著 |
| 801 | 0 | @aCN@bTANGWEI@c20170308 |
| 905 | @b0966945-8@dI209.5@e347@f4 | |
| 近代中国文学史观的发生与日本影响/李群著.-长沙:湖南大学出版社,2016 |
| 414页;21cm.-(兰芷学人文库) |
| 湖南大学出版社图书出版基金资助项目 教育部人文社会科学基金资助项目 |
| ISBN 978-7-5667-0859-5:CNY40.00 |
| 本书共四章,内容包括:近代中国文学史的诞生及其背景与日本影响、近代中国“文学史”的研究方法及其形成与日本影响等,介绍了作者对近代中国文学史与日本影响的研究。 |
| ● |
| 相关链接 |
|
|
|
|
正题名:近代中国文学史观的发生与日本影响
索取号:I209.5/347
 
预约/预借
| 序号 | 登录号 | 条形码 | 馆藏地/架位号 | 状态 | 备注 |
| 1 | 0966945 | 209669456 | 第一样本阅览室/ [索取号:I209.5/347] | 在馆 | |
| 2 | 0966946 | 209669465 | 密集书库-文学院/ [索取号:I209.5/347] | 在馆 | |
| 3 | 0966947 | 209669474 | 第二借阅区/ [索取号:I209.5/347] | 在馆 | |
| 4 | 0966948 | 209669483 | 第二借阅区/ [索取号:I209.5/347] | 在馆 |